00640nam a22001815i 450000100060000000300090000600500170001500700030003200800410003508000150007610000420009124501460013326000730027930000210035265000280037371000330040185200240043468675ES-MaACL20250809042453.0t|960813s1858 sp ||||1| spa d a341.231.141 aGayoso de la Rua, Francisco de Borja.10aDiscurso leído en la Universidad Central... en el acto de recibir la investidura de doctor / cpor ... Francisco de Borja Gayoso de la Rua. aMadrid : b[s.n.], c1858 (fImp. de Santiago Aguado y Compañía) a13 p. ; c23 cm. 7aDerechos humanos2embne2 aUniversidad Central (Madrid)4 aES-MaACLjT-54-F-10